00774nam a2200205Ia 4500003000900000008004100009040001600050080002300066110003300089245014300122260005000265300000800315500002800323650003500351650001800386650002100404942000700425999001500432952012100447IN-BaIIA211028s9999 xx 000 0 eng d cIIA Library a083.7:621.941bISI aIndian Standards Institution 0aIndian standard test chart for general purpose parallel lathesbpt. 1, lathes with swing over bed upto 800mmcIndian Standards Institution aNew DelhibIndian Standards Institutionc1972 a7p. aIS 1878 : Part 1 : 1971 a Square Holes-Standards99250 a Standards  aNASA Thesaurus  cBK c5259d5259 00104070aBANbBANcGENd1976-12-28g8.00l0o083.7:621.941/ ISIp5866r2021-11-05v8.00w1976-12-28yBKGRs. 8.00